Rada školy a jej spolupráca s riaditeľom školy

Rada školy uplatňuje svoje kompetencie voči škole alebo školskému zariadeniu, pri ktorom je zriadená, jej pôsobnosť a kompetencie sú stanovené v § 24 ods. 5 zákona č. 596/2003 Z. z. Rada školy, obecná školská rada a územná školská rada plnia funkciu verejnej kontroly, vyjadrujú sa k činnosti škôl, š...

Descripción completa

Guardado en:
Detalles Bibliográficos
Autor principal: Stanislavová, Mária
Formato: Capítulo de libro
Lenguaje:eslovaco
Materias:
Etiquetas: Agregar Etiqueta
Sin Etiquetas, Sea el primero en etiquetar este registro!

MARC

LEADER 00000naa a2200000 4500
001 0240842
005 20180302131930.1
041 0 |a slo 
044 |a SK 
245 1 0 |a Rada školy a jej spolupráca s riaditeľom školy  |c Mária Stanislavová 
520 |a Rada školy uplatňuje svoje kompetencie voči škole alebo školskému zariadeniu, pri ktorom je zriadená, jej pôsobnosť a kompetencie sú stanovené v § 24 ods. 5 zákona č. 596/2003 Z. z. Rada školy, obecná školská rada a územná školská rada plnia funkciu verejnej kontroly, vyjadrujú sa k činnosti škôl, školských zariadení a pod. z pohľadu školskej problematiky. 
610 2 0 |a školstvo 
610 2 0 |a zariadenia školské 
610 2 0 |a kontrola verejná 
610 2 0 |a riadenie 
610 2 0 |a samospráva 
610 2 0 |a legislatíva 
100 1 |a Stanislavová, Mária